000 00334nam a2200145Ia 4500
005 20251222175922.0
008 251222s9999||||xx |||||||||||||| ||spa||
020 _a9788490787601
082 _a330/F54
100 _aFísico Muñoz, María Del Valle
245 0 _aEconomía
250 _a1ra.ed.
264 _bEditex
942 _cLIB
999 _c40706
_d40706